MARC

LEADER 00000cam a2200000 4500
001 vtls012272602
003 SK-MaSNL
005 20260301110056.0
008 250305s2024 xo dal grn 000 0 slo
015 |a SNBA2024/08 
020 |a 9788097442910  |q (brožované) 
040 |a SNK  |b slo  |c SNK  |e rda 
041 0 |a slo 
043 |a e-xo--- 
044 |a xo  |c SK 
072 7 |a 004  |x Počítačová veda. Výpočtová technika. Informačné technológie  |2 konspekt 
080 |a 004  |2 2011 
080 |a (437.672)  |2 2011 
080 |a (036)  |2 2011 
100 1 |a Šurimová, Mária,  |d 1990-  |4 aut  |9 231785 
245 1 0 |a IT Valley Košice  |c autor: Mária Šurimová ; editor: Viktória Koósová 
246 3 4 |a IKT Košice 2024 
264 1 |a Košice  |b Košice IT Valley z.p.o.  |c 2024 
300 |a 84 strán  |b grafy, ilustrácie, tabuľky  |c 30 cm 
336 |a text  |b txt  |2 rdacontent 
337 |a bez média  |b n  |2 rdamedia 
338 |a zväzok  |b nc  |2 rdacarrier 
500 |a Obsahuje zoznam skratiek 
500 |a Názov z obalu: IKT Košice 2024 
504 |a Obsahuje bibliografiu na strane 77-79 
610 2 7 |a IT Valley (Košice, Slovensko)  |2 SNKKA  |9 447460 
648 7 |a 2024  |2 SNKPH  |9 318269 
650 0 7 |a informačné technológie  |2 SNKPH  |9 1527 
650 0 7 |a Information technology  |2 SNKPHeng  |9 266458 
651 7 |a Košice (Slovensko)  |2 SNKPHgeo  |9 18694 
651 7 |a Košice (Slovakia)  |2 SNKPHeng  |9 265902 
655 7 |a informačné publikácie  |2 SNKPH  |9 70181 
655 7 |a Information publications  |2 SNKPHeng  |9 265188 
700 1 |a Koósová, Viktória  |4 edt  |9 447461 
852 |a Slovenská národná knižnica 
919 |a 978-80-9744429-1-0 
954 |a iná literatúra (príručky, kuchárske knihy, hobby literatúra, sprievodcovia) pôvodná (slovenská)  |2 lita 
958 |a NB 
999 |c 702321  |d 704251 
952 |a SNK  |b SNK  |y PREZ  |7 0  |p 17A1562179  |o snkSB 101344  |i snk2025/3987  |8 0  |0 0  |1 0  |4 0  |d 2025-03-05  |f 1  |l 0  |r 2026-02-23 21:03:06  |w 2026-02-23